00351nam a2200109Ia 4500082001200000245001900012100004700031942000700078008004100085999001900126952009600145 aEF ANDR 0aFallen hearts  a ANDREWS, Virginia London, 1989 957088 cBK210817s9999 xx 000 0 und d c178469d178468 00104070aENTOLbENTOLd2021-08-18g320.00l0p33228013528599r2021-08-18w2021-08-18yBK